| 000 | 00455nam a2200169Ia 4500 | ||
|---|---|---|---|
| 003 | GCL | ||
| 008 | 140319s9999 xx 000 0 eng d | ||
| 040 |
_aGCL / _cGCL |
||
| 082 | 0 | 4 |
_aCC _b027.4962 _bB B |
| 245 | 1 | 0 | _aTHE BIBLIOTHECA ALEXANDRINA LIBRARIES |
| 260 |
_aالقاهرة : _bLIBRARY OF ALEXANDRIA |
||
| 300 |
_a20 CM ؛ _c30 P |
||
| 650 | 0 | 4 | _aALEXANDRIA LIBRARY |
| 650 | 0 | 4 | _aLIBRARIES - PUBLIC |
| 650 | 0 | 4 | _aLIBRARIES - EGYPT |
| 942 |
_2ddc _cBK |
||
| 999 |
_c5741 _d5741 |
||